000 00721nam a2200205Ia 4500
999 _c38520
_d38520
001 4621
003 GE_BSU
005 20190515203440.0
008 181216s2001||||ge |||||||||||||| ||geo||
040 _cGE_BSU
041 _ageo
080 _a629.33(075) გ– 51
100 _aგიორგიძე,ნოდარ
_91206
245 _aავტომობილი : აღწერილობითი კურსი /
_cნოდარ გიორგიძე .
264 _aთბილისი :
_bსაქ. მაცნე,
_c2001.
300 _a231 გვ .;
_bილ ;
_c29 სმ.
300 _eბიბლიოგრ.:გვ.227.
653 _aავტომობილი
942 _cBK
_2udc